Les dialogues de Michel Audiard - partie 2 - Statistiques

Statistiques générales
  • Ce quiz a été pris 19 fois
  • Le résultat moyen est 8 sur 15
Statistiques - réponses
Question Réponse % Correct
" C'est curieux chez les marins ce besoin de faire des phrases…" Francis BLANCHE
88%
" Mais celui-là c'est un gabarit exceptionnel ! Si la connerie se mesurait, il servirait de mètre étalon ! Il serait à Sèvres ! " Jean GABIN
71%
" A votre âge, Madame, et quand on porte votre nom, les gros mots ne peuvent être que des citations. " Jean-Paul BELMONDO
71%
" Mais dis donc, on n'est quand même pas venus pour beurrer les sandwichs ! " Bernard BLIER
65%
" Un barbu, c'est un barbu ! Trois barbus, c'est des barbouzes ! " Lino VENTURA
59%
" Le drame avec la vie, c'est qu'on n'en sort pas vivant ! " Michel SERRAULT
53%
" La justice c'est comme la Sainte Vierge. Si on la voit pas de temps en temps, le doute s'installe. " Philippe NOIRET
53%
" On est gouvernés par des lascars qui fixent le prix de la betterave et qui seraient seulement pas foutus de faire pousser des radis." Pierre LARQUEY
53%
" De la posologie au veuvage, ce n'est qu'une question de gouttes ! " Bernard BLIER
47%
" Eh oui Marcel, les bastos c'est plus facile à donner qu'à recevoir ! j'suis sûr que t'avais jamais songé à ça ! " Jean GABIN
47%
" N'empêche, de là à le flinguer de sang-froid, sans parler d'assassinat, y aurait quand même comme un cousinage ! " Lino VENTURA
47%
" J'ai été assez longtemps dans l'armée pour avoir une certaine expérience de la trahison." Jean GABIN
41%
" Dans la guerre, il y a une chose attractive : c'est le défilé de la victoire. L'emmerdant, c'est tout ce qui se passe avant. " Charles AZNAVOUR
35%
" Plus t'as de pognon, moins t'as de principes. L'oseille, c'est la gangrène de l'âme." Maurice BIRAUD
24%
" Quand les milliards défilent, c'est d'ailleurs très curieux, mais j'ai un nez de Pointer. " Michel SERRAULT
18%
Aucun quiz correspondant
Distribution des résultats
% des personnes avec chaque résultat
Percentile par nombre de réponses
Votre historique - résultats
Vous n’avez pas pris ce quiz